| 000 | 01036nam a22002177a 4500 | ||
|---|---|---|---|
| 005 | 20210325205912.0 | ||
| 008 | s2554 th ||||| |||| 00| 0 tha d | ||
| 020 | _a9786169093800 | ||
| 050 | _aQA76.9.A25 ส289ม 2554 | ||
| 100 | 0 | _aสมหวัง พัชอัย | |
| 245 | 1 | 0 | _aMicrosoft Forefront Threat Management Gateway 2010 ฉบับคู่กาย |
| 260 | 3 |
_aนนทบุรี : _bอิซ ไอที กรุ๊ป, _c2554 |
|
| 300 |
_a283 หน้า : _b ภาพประกอบ, ตาราง ; _c 21 ซม. |
||
| 650 | 0 | 4 | _aเครือข่ายคอมพิวเตอร์ -- มาตรการความปลอดภัย |
| 650 | 0 | 4 | _aความปลอดภัยในระบบคอมพิวเตอร์ -- การจัดการ |
| 850 | _aNALT | ||
| 942 | _cGB | ||
| 997 | _a40070 | ||
| 997 | _c000000000064748 | ||
| 998 | _aนางสุกัญญา กัลยา | ||
| 999 |
_c64748 _d64748 |
||